Sanat - "Sylvian joululaulu" - Statistics

Yleistilastot
  • Tätä visaa on pelattu 91 kertaa
  • Keskiarvotulos 84 / 133
Vastaustilastot
Vastaus % Oikein
jo
98%
Ja
96%
ja
96%
joutui
96%
joulu
93%
niin
93%
Pohjolaan
91%
taas
91%
luo
89%
ne
89%
tää
89%
kirkkaasti
84%
mi
84%
rintoihinkin
82%
soi
82%
kuuset
80%
laulu
80%
on
80%
se
80%
ain
76%
aina
76%
pirtteihin
76%
sirkuttajain
76%
pienoisihin
73%
Sylvian
73%
häkki
71%
71%
ma
71%
mun
71%
sulkee
71%
ylhäällä
71%
vain
69%
67%
sa
67%
sen
67%
vielä
67%
mut
64%
nään
64%
orressa
64%
sää
64%
saa
64%
kuin
60%
lauluista
60%
toukokuun
60%
tuo
60%
sointuisimman
58%
kaikki
56%
Miss
56%
miss
56%
pään
56%
Suomenmaa
56%
vaikerrus
56%
viini
56%
kirkkain
53%
laulajan
53%
sypressit
53%
tähdistä
53%
voi
53%
Etnanpa
51%
hurmaa
51%
huumaapi
51%
kaukaisehen
51%
kauniina
51%
ken
51%
loisteesi
51%
nyt
51%
vaahtovin
51%
vankilan
51%
istun
49%
kaukaa
49%
oksalla
49%
puun
49%
sinne
49%
tuoksuu
49%
vaiennut
49%
kallein
47%
kun
47%
maa
47%
mistään
47%
talvellakin
47%
vois
47%
armain
44%
en
44%
murheita
44%
Suomeeni
44%
vertaista
44%
ah
42%
veet
42%
muistaa
40%
muistojen
40%
mull
40%
sammuu
40%
sitten
40%
siunaa
40%
sun
40%
toista
40%
uljaimman
40%
kiitosta
38%
laulelmat
36%
lehdoissa
36%
oi
36%
tuikkeesi
33%
kertoilla
31%
lempeesti
31%
siintääpi
31%
loistettaan
29%
riemut
24%
runsaammat
22%
Ehtoja vastaavia visoja ei löytynyt
Tulosjakauma
Jokaisen tuloksen saaneiden osuus
Persentiili vastausten määrän mukaan
Tuloshistoriasi
Et ole pelannut tätä visaa